000 02060cam a22005294i 4500
003 PE-LiUPU
005 20250731165648.0
008 150616s r 000 0 d
020 _a1555405029
035 _a(Sirsi) i9781555405021
040 _aPE-LiUPU
_bspa
_cPE-LiUPU
_erda
049 _aPRUA
082 0 4 _a221.07
_bHS1
_221
245 0 0 _aLingering over Words Studies in Ancient Near Eastern Literature in Honor of William L. Moran.
_n37.
264 1 _aAtlanta, Georgia :
_bScholars Press,
_c1990.
300 _a524 páginas :
_bil ;
_c24 centímetros
336 _atext
_2rdacontent
337 _aunmediated
_2rdamedia
338 _avolume
_2rdacarrier
490 0 _aHarvard Semitic Museum Publications. Harvard Semitic Studies ;
_v37
504 _aBibliografía al pie de páginas.
505 0 _aAn Earli Form of the Witchcraft Ritual.- The Babylonian Chronicle revisited.- Job's children.- Prayer to the Gods of the Night.- The language of imagery in Psalm 114.- Presence at the creation.
526 _aSEG44
526 _aSEG26
526 _aP151
526 _aP150
526 _aP149
526 _aP146
526 _aP145
526 _aP126
526 _aP125
526 _aP92
526 _aP75
526 _aP74
526 _aP27
526 _aP15
600 1 _aMORAN, WILLIAM L., 1921- (FILOLOGO ORIENTALISTA)
650 0 4 _aLITERATURA ORIENTAL.
700 1 _aAbusch, Tzvi,
_eeditor.
910 _ajck
_bjvq
_cjck
942 _2ddc
_cBOOK
949 _aRC 221.07 HS 37 1
_wDEWEY
_c1
_i43006
_lCCODEBUL1
_mBUL
_r0
_sY
_tBOOK
_u2015-6-16
_xTEOLOGIA
_zUNKNOWN
_0COMPRA
_o.CIRCNOTE. No olvidar cambiar la fecha de devolución!!!!!!!
_o.STAFF. Colección General
994 _aC0
_bPEPRU
596 _a1
999 _aRC 221.07 HS 37 1
_wDEWEY
_c60978
_i43006
_f2021-11-8
_g6
_lCCODEBUL1
_mBUL
_r1
_sY
_tBOOK
_u2015-6-16
_xTEOLOGIA
_zUNKNOWN
_0COMPRA
_o.CIRCNOTE. No olvidar cambiar la fecha de devolución!!!!!!!
_o.STAFF. Colección General
_d60978
980 _81
_gALBERTO SANCHEZ Responsable de Automatización